Catálogo público

Virus and viruslike diseases of pome fruits and simulating noninfectious disorders / (Record no. 199271)

MARC details
000 -CABECERA
campo de control de longitud fija 00845nam a2200265Ia 4500
001 - NÚMERO DE CONTROL
campo de control Para_516
003 - IDENTIFICADOR DEL NÚMERO DE CONTROL
campo de control CHAP
008 - DATOS DE LONGITUD FIJA--INFORMACIÓN GENERAL
campo de control de longitud fija 220125s1989 xx 000 0 und d
010 ## - NÚMERO DE CONTROL DE LA BIBLIOTECA DEL CONGRESO
Número de control de LC 199271
040 ## - FUENTE DE LA CATALOGACIÓN
Centro/agencia transcriptor CHAP
082 ## - NÚMERO DE LA CLASIFICACIÓN DECIMAL DEWEY
Número de clasificación PA 634.1198 F7
100 ## - ENTRADA PRINCIPAL--NOMBRE DE PERSONA
Nombre de persona Fridlund, Paul R., ed.
9 (RLIN) 164563
245 ## - MENCIÓN DE TÍTULO
Título Virus and viruslike diseases of pome fruits and simulating noninfectious disorders /
Mención de responsabilidad, etc. ed. by Paul R. Fidlund
260 ## - PUBLICACIÓN, DISTRIBUCIÓN, ETC.
Lugar de publicación, distribución, etc. Washington, D.C. :
Nombre del editor, distribuidor, etc. College of Agriculture and Home Economics Washington State University
300 ## - DESCRIPCIÓN FÍSICA
Extensión 330 p.
650 ## - PUNTO DE ACCESO ADICIONAL DE MATERIA--TÉRMINO DE MATERIA
Término de materia o nombre geográfico como elemento de entrada Manzana
Subdivisión general enfermedades por virus
9 (RLIN) 70766
650 ## - PUNTO DE ACCESO ADICIONAL DE MATERIA--TÉRMINO DE MATERIA
Término de materia o nombre geográfico como elemento de entrada Pera
Subdivisión general enfermedades por virus
9 (RLIN) 86971
901 ## - ELEMENTOS DE DATOS A LOCAL LDA (RLIN)
a PA 634.1198 F7
902 ## - ELEMENTOS DE DATOS B LOCAL, LDB (RLIN)
a A
905 ## - ELEMENTOS DE DATOS E LOCAL, LDE (RLIN)
a 0000001989 a 0000000000 00
910 ## - DATOS DE OPCIÓN DEL USUARIO (OCLC)
Datos de opción del usuario 1989
942 ## - ELEMENTOS DE PUNTO DE ACCESO ADICIONAL (KOHA)
Tipo de ítem Koha Parasitologia_
942 ## - ELEMENTOS DE PUNTO DE ACCESO ADICIONAL (KOHA)
Tipo de ítem Koha Parasitologia_
-- 1
Holdings
Estado de retiro Estado de pérdida Fuente del sistema de clasificación o colocación Estado dañado No para préstamo Código de colección Localización permanente Ubicación/localización actual Fecha de adquisición Número de inventario Total de préstamos Signatura topográfica completa Código de barras Fecha visto por última vez Número de copia Precio válido a partir de Tipo de ítem Koha Nota pública
    Dewey Decimal Classification     General Parasitologia Agricola Parasitologia Agricola 27/10/2005 (PA_7152) (No. UACh C/E)   PA 634.1198 F7 4102003398 25/01/2022 Ej.1 25/01/2022 Libro 3